Caracterización biológica Parque Nacional Natural Cueva de Los Guácharos, municipio de Acevedo, departamento del Huila (Registro nro. 6532)
[ vista simple ]
| 000 -CABECERA | |
|---|---|
| Campo de control | 01669nam a2200241 a 4500 |
| 005 - FECHA Y HORA DE LA ULTIMA TRANSACCION | |
| Campo de control | 20180803165400.0 |
| 008 - ELEMENTOS DE LONGITUD FIJA—INFORMACION GENERAL | |
| Campo de control | 140129b2002 ck ||||| |||| 00| 0 spa d |
| 041 ## - IDIOMA | |
| Código de idioma para texto/pista de sonido o título separado | Español |
| 044 ## - PAÍS DE PUBLICACIÓN | |
| País de publicación | Colombia |
| 090 ## - CLASIFICACIÓN LOCAL | |
| Colección | IAVH |
| Consecutivo | 01053 |
| 245 ## - MENCION DE TITULO | |
| Título | Caracterización biológica Parque Nacional Natural Cueva de Los Guácharos, municipio de Acevedo, departamento del Huila |
| 260 ## - PUBLICACION, DISTRIBUCION, ETC. (PIE DE IMPRENTA) | |
| Lugar de publicación, distribución, etc. | Bogotá |
| Nombre del editor, distribuidor, etc. | Instituto Alexander von Humboldt |
| Fecha de publicación, distribución, etc. | 2002 |
| 300 ## - DESCRIPCION FISICA | |
| Extensión | 28 p. |
| 520 ## - NOTA DE RESUMEN, ETC. | |
| Nota de resumen | El parque nacionla natural Cueva de Los Guácharo, fue creado en 1960 como la primera área de conservación declarado en el país, gracias a sus excepcionales componentes biológicos y geográficos. Su principal característica es la presencia de grandes sistemas de cavernas, producto de la disolución de formaciones calizas asociadas a relictos de robledales, vegetación de subpáramos y poblaciones de especies emblemáticas como el guácharo. El grupo de exploración y monitoreo ambienta GEMA del Instituto Humboldt realizó, entre el 25 de noviembre y el 8 de diciembre de 2001, una pequeña caracterización de algunos sectores del parque en el marco del primer curso de capacitación en técnicas de inventarios de biodiversidad, dirigido a investigaciones de distintas entidades, entre ellas CAR, UAESPNN y organizaciones privadas. Se muestrearon los grupos biológicos de aves, plantas e insectos |
| 650 ## - ASIENTO SECUNDARIO DE MATERIA - TERMINO TEMATICO | |
| Término temático o nombre geográfico como elemento de entrada | Caracterización biológica |
| 650 ## - ASIENTO SECUNDARIO DE MATERIA - TERMINO TEMATICO | |
| Término temático o nombre geográfico como elemento de entrada | Plantas |
| 650 ## - ASIENTO SECUNDARIO DE MATERIA - TERMINO TEMATICO | |
| Término temático o nombre geográfico como elemento de entrada | Insectos |
| 650 ## - ASIENTO SECUNDARIO DE MATERIA - TERMINO TEMATICO | |
| Término temático o nombre geográfico como elemento de entrada | Escarabajos |
| 650 ## - ASIENTO SECUNDARIO DE MATERIA - TERMINO TEMATICO | |
| Término temático o nombre geográfico como elemento de entrada | Inventario |
| 662 ## - ASIENTO SECUNDARIO DE MATERIA - JERARQUIA DEL NOMBRE DE LUGAR( | |
| País o entidad mayor | Colombia |
| Jurisdicción política intermedia | Parque Nacional Natural Cueva de Los Guácharos |
| Jurisdicción política de primer orden | Huila |
| 942 ## - ELEMENTOS ADICIONALES (KOHA) | |
| Tipo de ítem | CD-ROM |
| Koha issues (borrowed), all copies | 2 |
| Sistema de clasificación | Local |
| 945 ## - PROCESAMIENTO LOCAL | |
| AAAA-MM-DD - Fecha de ingreso o modificacion | 2008-09-03 |
| Withdrawn status | Lost status | Sistema de Clasificación | Damaged status | No para préstamo | Colección | Inventariado | Ubicación Permanente | Ubicación actual | Fecha de adquisición | Total Checkouts | Número topográfico | Inventario / Código de Barras | Date last seen | Date checked out | Ejemplar | Price effective from | Forma de adquisición | Tipo de material |
|---|---|---|---|---|---|---|---|---|---|---|---|---|---|---|---|---|---|---|
| Local | Humboldt | Inventariado 2017 | Bogotá | Bogotá | 03/09/2008 | 2 | IAVH-01053 | 026350 | 09/08/2024 | 21/08/2015 | Ej. 1 | 04/12/2012 | Informe Técnico |